1773 1158 1198 1797 1969 1341 1079 1458 1634 1134 1519 1143 1702 1031 1686 1305 1121 1057 1773 1737 1760 1696 1552 1431 1719 1809 1850 1128 1398 1792 1281 1544 1562 1722 1456 1074 1536 1053 1924 1273 1049 1880 1033 1451 1167 1516 1340 1851 1661 1235 1031 1331 1080 1655 1870 1647 1008 1817 1534 1474 1510 1149 1049 1751 1573 1827 1296 1171 1543 1381 1754 1330 1554 1804 1415 1789 1267 1775 1940 1026 1513 1116 1010 1186 1114 1966 1595 1629 1443 1237 1711 1784 1965 1294 1085 1416 1172 1407 1822 BCNSPRNW ULIB Ver.6.0+V

เปลี่ยนเป็นภาษาไทย

Change to English
 แสดงรายละเอียดบรรณานุกรม
  กลับหน้าหลัก

Brief Record : Get Marc (ISO 2709) : E-mail record : QR code < ปิดหน้าต่าง
LEADER : 00000nam 2200000uu 4500
001    13399111331
003     ULIB
008    110622s||||||||th 000 0 tha d
020    9789740636502
050  4 BF1708.8.T5^bล157ก 2551
100 1  โจนส์, ลอรี่ เบธ
245 10 กลยุทธ์อ่านใจคน จากพลังธาตุทั้งสี่ /^cลอรี่ เบธ โจนส์ ; ขวัญดวง แซ่เตีย,แปล
250    พิมพ์ครั้งที่ 2
260    กรุงเทพฯ :^bดีเอ็มจี,^c2551
300    375 หน้า
650  4 การทำนายลักษณะ
700 0  ขวัญดวง แซ่เตีย
945    ^p320^l0^i024403
995    ทศพร
999 ^a ใช้งานได้ทุกระบบ
รายการนี้ยังไม่มีแท็ก
คุณยังไม่ได้ล็อกอิน คุณสามารถมีกิจกรรมร่วมกับเว็บไซต์ได้ แต่ต้องล็อกอินก่อน ::
  ล็อกอิน

รายการสื่อสารสนเทศ

ลำดับที่ ประเภท เลขเรียก/บาร์โค้ด สถานที่ สถานะ
- ไม่พบข้อมูล -

รายการใกล้เคียง
    ผู้แต่ง [โจนส์, ลอรี่ เบธ]

    หัวเรื่อง [การทำนายลักษณะ]

BibComment


ยังไม่เคยถูกคอมเมนท์

คอมเมนท์ทรัพยากรรายการนี้
  คอมเมนท์: กลยุทธ์อ่านใจคน จ..


 Copyright 2026. Bcnsprnw @Library